Development plans examination - a guide to the process of assessing the soundness of statements of community involvement (Record no. 105013)
[ view plain ]
| 000 -LEADER | |
|---|---|
| fixed length control field | 01403cam a2200241 4500 |
| 001 - CONTROL NUMBER | |
| control field | ##L132085 |
| 008 - FIXED-LENGTH DATA ELEMENTS--GENERAL INFORMATION | |
| fixed length control field | 060103n2005 000 0 eng u |
| 035 ## - SYSTEM CONTROL NUMBER | |
| System control number | (Sirsi) u132085 |
| 041 0# - LANGUAGE CODE | |
| Language code of text/sound track or separate title | eng |
| 050 04 - LIBRARY OF CONGRESS CALL NUMBER | |
| Classification number | 711.1 $2 18 |
| 110 1# - MAIN ENTRY--CORPORATE NAME | |
| Corporate name or jurisdiction name as entry element | United Kingdom |
| Subordinate unit | Planning Inspectorate |
| 9 (RLIN) | 2192 |
| 245 00 - TITLE STATEMENT | |
| Title | Development plans examination - a guide to the process of assessing the soundness of statements of community involvement |
| 260 ## - PUBLICATION, DISTRIBUTION, ETC. | |
| Place of publication, distribution, etc. | London |
| Name of publisher, distributor, etc. | Planning Inspectorate |
| Date of publication, distribution, etc. | 2005 |
| 520 ## - SUMMARY, ETC. | |
| Summary, etc. | This guide provides practical advice and guidance to all those involved in the new local development framework process. It will help people to understand what the key tests will be when Statements of Community Involvement (SCIs) are examined by a Planning Inspectorate inspector. It will assist them in the framing of comments on their SCI and show them how the inspector will consider them. |
| 590 ## - LOCAL NOTE (RLIN) | |
| Local note | IKA030106 |
| 650 24 - SUBJECT ADDED ENTRY--TOPICAL TERM | |
| Topical term or geographic name entry element | PLANNING POLICY STATEMENT 12 |
| 650 24 - SUBJECT ADDED ENTRY--TOPICAL TERM | |
| Topical term or geographic name entry element | PLANNING AND COMPULSORY PURCHASE ACT 2004 S39 |
| 650 24 - SUBJECT ADDED ENTRY--TOPICAL TERM | |
| Topical term or geographic name entry element | STATEMENTS OF COMMUNITY INVOLVEMENT |
| 651 #4 - SUBJECT ADDED ENTRY--GEOGRAPHIC NAME | |
| Geographic name | England |
| Chronological subdivision | 886- |
| 690 ## - LOCAL SUBJECT ADDED ENTRY--TOPICAL TERM (OCLC, RLIN) | |
| Topical term or geographic name as entry element | ENVIRONMENTAL AND LAND CONSULTANCY-PLANNING AND DEVELOPMENT-PLANNING GUIDANCE-LOCAL DEVELOPMENT PLANS |
| 856 40 - ELECTRONIC LOCATION AND ACCESS | |
| Uniform Resource Identifier | <a href="https://www.planning-inspectorate.gov.uk/pins/appeals/local_dev/Soundness_of_DPD.htm#guidance">https://www.planning-inspectorate.gov.uk/pins/appeals/local_dev/Soundness_of_DPD.htm#guidance</a> |
| Public note | View the guidance free of charge at www.planning-inspectorate.gov.uk... |
| 942 ## - ADDED ENTRY ELEMENTS (KOHA) | |
| Suppress in OPAC | 0 |
| Withdrawn status | Lost status | Source of classification or shelving scheme | Damaged status | Not for loan | Home library | Current library | Shelving location | Date acquired | Total Checkouts | Full call number | Barcode | Date last seen | Copy number | Price effective from | Koha item type |
|---|---|---|---|---|---|---|---|---|---|---|---|---|---|---|---|
| Dewey Decimal Classification | Virtual | Virtual | Online | 03/01/2006 | ONLINE PUBLICATION | 132085-2001 | 06/08/2019 | 1 | 06/08/2019 | Book |